000 00571nam a22001697a 4500
003 OSt
005 20260302104907.0
008 260302b |||||||| |||| 00| 0 eng d
040 _cMRSPTU
041 _aEnglish
100 _aTarundeep Singh, Supervisor: Dr. Sanjiv Kumar Agarwal
245 _aStudy of Causes of Time and Cost Overrun in Panipat to Jalandhar Six Lane Highway Project
260 _bDepartment of Civil Engg. MRSPTU, Bathinda
_c2016
650 _aCivil Engineering
856 _uhttp://163.47.215.52:8080/jspui/handle/123456789/437
942 _2ddc
_cTH
_n0
999 _c11032
_d11032